000 01074naa a22003017a 4500
001 BR6010024
003 BR-BrBNA
005 20240918173137.0
007 ta
008 230509b bl.||||| |||| 00| 0 por d
040 _aBR-BrBNA
_bpor
_cBiblioteca Nacional de Agricultura
041 _a(Pt)
072 _aT00
_b3862
_bG514
_bGZ52
090 _aT00 BR6010024
100 1 _aGuimaraes, J.R.A.
100 1 _aBergamin, F.
111 1 _a1. Congresso Nacional de Pesca
_cRio de Janeiro, GB (Brazil)
_d4 Nov 1934
245 1 _aAcao da cal virgem sobre diversos organismos da fauna e da flora aquaticas [Sao Paulo; Brasil]
260 3 _aRio de Janeiro, GB (Brasil):
_c1938.
500 _aPrimeiro Congresso Nacional de Pesca Rio de Janeiro, GB (Brasil): 1938. p. 135-140 (BR6010024-AM)T00
650 _aPoluicao
650 _aCal virgem
650 _aAgua doce
650 _aSao Paulo
773 0 _tPrimeiro Congresso Nacional de Pesca
_b
_wT00 BR6010024
_gRio de Janeiro, GB (Brasil), 1938. p. 135-140
909 _a202404
_bLucia
_c55
_dLucia Elande
942 _cAM
_2AGRIS
999 _c303105
_d303105